Missing Word: Women in US History A-Z Quiz Stats

Quiz Updated Mar 24, 2015

Challenge
Share
Tweet
Embed
Score 0/24 Timer 03:00
6 Plays Today
Hint Answer % Correct
Hillary ____ - politicianClinton
98.4%
Rosa ____ - civil rights activistParks
95.1%
Oprah ____ - business womanWinfrey
94.4%
Amelia ____ - aviatorEarhart
93.4%
Condoleezza ____ - Secretary of StateRice
93.1%
Billie ____ King - athleteJean
92.7%
Sandra ____ O'Connor - JusticeDay
89.2%
Maya ____ - writerAngelou
86.6%
____ Pelosi - Speaker of the HouseNancy
85.1%
____ Steinem - feministGloria
80.5%
Helen ____ - social activistKeller
77.1%
Georgia ____ - artistO'Keeffe
76.8%
Hint Answer % Correct
Ruth ____ Ginsburg - JusticeBader
70.2%
Toni ____ - writerMorrison
67.3%
Sojourner ____ - abolitionistTruth
66.6%
Geraldine ____ - politicianFerraro
57.6%
Kristi ____ - athleteYamaguchi
54.1%
____ Sotomayor - JusticeSonia
45.2%
____ Duncan - dancerIsadora
40.3%
____ Neale Hurston - writerZora
35%
____ K. Le Guin - writerUrsula
34.8%
____ Woodhull - political activistVictoria
29.1%
Maya ____ - artistLin
14.6%
Dolores ____ - labor activistHuerta
6.9%

Today's Daily Dose

Missing Word
1974 Movies A-Z

Word Ladder
The White Album

Quick Pick
Gods of War

On This Day
February 22nd II

You're not logged in!

Compare scores with friends on all Sporcle quizzes.
Sign Up with Email
OR
Log In

You Might Also Like...

Show Comments

Extras

Top Quizzes Today


Score Distribution

Your Account Isn't Verified!

In order to create a playlist on Sporcle, you need to verify the email address you used during registration. Go to your Sporcle Settings to finish the process.